Online
Catalog

Folklore de la República Dominicana / (Record no. 5491)

MARC details
000 -CABECERA
campo de control de longitud fija 03330nam a2200421 a 4500
001 - NÚMERO DE CONTROL
campo de control 000005694
003 - IDENTIFICADOR DEL NÚMERO DE CONTROL
campo de control DO-SdBNP
005 - FECHA Y HORA DE LA ÚLTIMA TRANSACCIÓN
campo de control 20250409141413.0
008 - DATOS DE LONGITUD FIJA--INFORMACIÓN GENERAL
campo de control de longitud fija 090821s2009 dr 000 0 spa d
020 ## - NÚMERO INTERNACIONAL ESTÁNDAR DEL LIBRO
Número Internacional Estándar del Libro 9789945457063 (Tapa dura)
020 ## - NÚMERO INTERNACIONAL ESTÁNDAR DEL LIBRO
Número Internacional Estándar del Libro 9789945437056 (Tapa blanda)
040 ## - FUENTE DE LA CATALOGACIÓN
Centro catalogador/agencia de origen DO-SdBNP
Lengua de catalogación spa
Centro/agencia transcriptor BNPHU
082 ## - NÚMERO DE LA CLASIFICACIÓN DECIMAL DEWEY
Número de clasificación 398.2097293
Número de documento/Ítem A553f, 2009
100 1# - ENTRADA PRINCIPAL--NOMBRE DE PERSONA
Nombre de persona Andrade, Manuel José,
Fechas asociadas al nombre 1885-1941
9 (RLIN) 16084
240 10 - TÍTULO UNIFORME
Título uniforme Folk-lore from the Dominican Republic
Lenguaje de la obra Español
245 10 - MENCIÓN DE TÍTULO
Título Folklore de la República Dominicana /
Mención de responsabilidad, etc. Manuel José Andrade ; [ presentación Daniel Toribio ; exordio Mariano Mella ; prólogo Rafael Julián].
250 ## - MENCIÓN DE EDICIÓN
Mención de edición 4a ed.
260 ## - PUBLICACIÓN, DISTRIBUCIÓN, ETC.
Lugar de publicación, distribución, etc. Santo Domingo :
Nombre del editor, distribuidor, etc. Banreservas :
-- Sociedad Dominicana de Bibliófilos,
Fecha de publicación, distribución, etc. 2009.
300 ## - DESCRIPCIÓN FÍSICA
Extensión 711 p. ;
Dimensiones 23 cm.
490 1# - MENCIÓN DE SERIE
Mención de serie Bibliófilos-Banreservas
Designación de volumen o secuencia 7
500 ## - NOTA GENERAL
Nota general Título original en inglés : Folk-lore from the Dominican Republic.
504 ## - NOTA DE BIBLIOGRAFÍA, ETC.
Nota de bibliografía, etc. Incluye referencias bibliográficas y notas al pie de las páginas.
505 0# - NOTA DE CONTENIDO CON FORMATO
Título Presentación /
Mención de responsabilidad Daniel Toribio --
Título Exordio /
Mención de responsabilidad Mariano Mella --
Título Prólogo /
-- Rafael Julián --
-- Palabras preliminares --
-- Prefacio --
-- Introducción --
-- Los principales informantes --
-- Observaciones acerca del lenguaje --
-- Vocabulario --
-- Cuentos --
-- El ciclo de Juan Bobo --
-- Los hermanos Rivales --
-- El vuelo mágico --
-- La alfombra mágica y argumentos análogos --
-- El hombre con los dientes de oro --
-- El hermano y la hermana abandonados en el bosque matan a la bruja --
-- El gato bondadoso --
-- Buquí y lapén --
-- La serpiente de la siete cabezas --
-- Pan y un beso gana la lucha con el monstruo --
-- Los tres perros rompen la cadena y acuden en ayuda --
-- El hermano más joven captura el caballo de siete colores --
-- La promesa funesta: dar un hijo al diablo --
-- Escuchando al tres brujas --
-- Los ladrones hábiles --
-- El falso adivino --
-- La sustitución de objetos sin valor por objetos mágicos --
-- La cueva de los ladrones y las palabras mágicas --
-- La princesa encantada --
-- La sustracción traidora de perros por niños recien nacidos --
-- El niño de Brea --
-- La muchacha cuyo novio era un pez --
-- La cenicienta --
-- La muchacha más lista que el rey --
-- El mono curioso en dificultades --
-- Cuentos de hadas --
-- Cuentos de heroísmo con seres sobrenaturales o monstruos --
-- Cuentos de vindicación o protección mediante poderes sobrenaturales --
-- Cuentos morales: muerte, fantasmas y el diablo --
-- Historia referente a la divinidad cristiana --
-- Cuentos de animales --
-- Episodio novelescos --
-- Cuentos de dinero y picardías --
-- Cuento de ingenio y gracia --
-- Adivinanzas --
-- Proverbios y decíres --
-- Creencias y costumbres.
533 ## - NOTA DE REPRODUCCIÓN
Tipo de reproducción Basada en la tercera edición en español :
Lugar de la reproducción Santo Domingo :
Institución responsable de la reproducción Editora de Santo Domingo,
Fecha de la reproducción 1976.
590 ## - NOTA LOCAL (RLIN)
Nota local Inventariado, 2018/VM
650 #0 - PUNTO DE ACCESO ADICIONAL DE MATERIA--TÉRMINO DE MATERIA
Término de materia o nombre geográfico como elemento de entrada Folclore
Subdivisión geográfica República Dominicana
9 (RLIN) 33448
650 #4 - PUNTO DE ACCESO ADICIONAL DE MATERIA--TÉRMINO DE MATERIA
Término de materia o nombre geográfico como elemento de entrada Folclore en la literatura
9 (RLIN) 4697
650 #4 - PUNTO DE ACCESO ADICIONAL DE MATERIA--TÉRMINO DE MATERIA
Término de materia o nombre geográfico como elemento de entrada Cultura popular en la literatura
9 (RLIN) 12596
650 #4 - PUNTO DE ACCESO ADICIONAL DE MATERIA--TÉRMINO DE MATERIA
Término de materia o nombre geográfico como elemento de entrada Literatura folclórica
9 (RLIN) 1529
650 #4 - PUNTO DE ACCESO ADICIONAL DE MATERIA--TÉRMINO DE MATERIA
Término de materia o nombre geográfico como elemento de entrada Culturas tradicionales
9 (RLIN) 10920
650 #4 - PUNTO DE ACCESO ADICIONAL DE MATERIA--TÉRMINO DE MATERIA
Término de materia o nombre geográfico como elemento de entrada Identidad colectiva
9 (RLIN) 1723
700 1# - PUNTO DE ACCESO ADICIONAL--NOMBRE DE PERSONA
Nombre de persona Julián, Rafael,
Término indicativo de función/relación pról.
9 (RLIN) 481
700 1# - PUNTO DE ACCESO ADICIONAL--NOMBRE DE PERSONA
Nombre de persona Toribio, Daniel
9 (RLIN) 588
700 1# - PUNTO DE ACCESO ADICIONAL--NOMBRE DE PERSONA
Nombre de persona Mella, Mariano
9 (RLIN) 2101
830 #0 - PUNTO DE ACCESO ADICIONAL DE SERIE-TÍTULO UNIFORME
Título uniforme Bibliófilos-Banreservas
Número de parte o sección de la obra 7
9 (RLIN) 16085
910 ## - DATOS DE OPCIÓN DEL USUARIO (OCLC)
Datos de opción del usuario Validado. Control de calidad.MMOLINA
942 ## - ELEMENTOS DE PUNTO DE ACCESO ADICIONAL (KOHA)
Fuente del sistema de clasificación o colocación Dewey Decimal Classification
Tipo de ítem Koha Libro
Holdings
Estado de retiro Estado de pérdida Restricciones de uso No para préstamo Código de colección Localización permanente Ubicación/localización actual Ubicación en estantería Fecha de adquisición Número de inventario Total de préstamos Signatura topográfica completa Código de barras Fecha visto por última vez Precio válido a partir de Tipo de ítem Koha Número de copia
        Patrimonio Dominicano General General Depósito 21.08.2009 LF1   398.2097293 A553f, 2009 | e. 3 5694-30 25.06.2020 25.06.2020 Libro y Folleto Colección Patrimonio Dominicano  
        Dominicana de Servicio General General Depósito 01.06.2010 LF1   398.2097293 A553f, 2009 5694-40 25.06.2020 25.06.2020 Libro y Folleto Colección Dominicana de Servicio e. 4
        Patrimonio Dominicano General General Depósito 25.06.2010 LF1   398.2097293 A553f, 2009 | e. 5 5694-50 25.06.2020 25.06.2020 Libro y Folleto Colección Patrimonio Dominicano  
      Excluido de préstamo Patrimonio Dominicano Patrimonio Dominicano Patrimonio Dominicano Depósito 21.08.2009 LF1   398.2097293 A553f, 2009 5694-10 25.06.2020 25.06.2020 Libro y Folleto Colección Patrimonio Dominicano  
      Excluido de préstamo Patrimonio Dominicano Patrimonio Dominicano Patrimonio Dominicano Depósito 21.08.2009 LF1   398.2097293 A553f, 2009 | e. 2 5694-20 25.06.2020 25.06.2020 Libro y Folleto Colección Patrimonio Dominicano  

Powered by Koha